Normal view
MARC view
Entry Personal Name
001 - CONTROL NUMBER
- control field: 11956
003 - CONTROL NUMBER IDENTIFIER
- control field: OSt
005 - DATE AND TIME OF LATEST TRANSACTION
- control field: 20170324172922.0
008 - FIXED-LENGTH DATA ELEMENTS
- fixed length control field: 170324|| aca||aabn | a|a d
040 ## - CATALOGING SOURCE
- Original cataloging agency: OSt
- Transcribing agency: OSt
100 ## - HEADING--PERSONAL NAME
- Personal name: Webb,Stephen;
670 ## - SOURCE DATA FOUND
- Source citation: Work cat.: (OSt): Webb,Stephen;, out of the World:, 2004:
